Central Library OPAC University of Rajshahi

Freudianism and the literary mind / (Record no. 62210)

MARC details
000 -LEADER
fixed length control field 00769nam a2200241 a 4500
001 - CONTROL NUMBER
control field 62210
003 - CONTROL NUMBER IDENTIFIER
rucl marc code BD-RjUL
005 - DATE AND TIME OF LATEST TRANSACTION
control field 20211209081044.0
008 - FIXED-LENGTH DATA ELEMENTS--GENERAL INFORMATION
fixed length control field 170123s1957 lau b 001 0 eng d
035 ## - SYSTEM CONTROL NUMBER
System control number (BD-RjUL)62335
040 ## - CATALOGING SOURCE
Original cataloging agency BD-RjUL
Transcribing agency BD-RjUL
Modifying agency BD-RjUL
Language of cataloging eng
041 ## - LANGUAGE CODE
Language code of text/sound track or separate title eng
082 ## - DEWEY DECIMAL CLASSIFICATION NUMBER
Edition number 23
Classification number 809
Author mark and year HOF 1957
100 1# - MAIN ENTRY--PERSONAL NAME
Personal name Hoffman, Frederick John.
9 (RLIN) 185032
245 10 - TITLE STATEMENT
Title Freudianism and the literary mind /
Statement of responsibility, etc. Frederick John Hoffman
250 ## - EDITION STATEMENT
Edition statement 2d ed.
260 ## - PUBLICATION, DISTRIBUTION, ETC. (IMPRINT)
Place of publication, distribution, etc. Baton Rouge :
Name of publisher, distributor, etc. Louisiana State University Press,
Date of publication, distribution, etc. 1957
300 ## - PHYSICAL DESCRIPTION
Pagination xi, 350 p. ;
Size 24 cm.
504 ## - BIBLIOGRAPHY, ETC. NOTE
Bibliography, etc Includes bibliography and index
650 #0 - SUBJECT ADDED ENTRY--TOPICAL TERM
Topical term or geographic name as entry element Psychoanalysis and literature
9 (RLIN) 185033
Topical term or geographic name as entry element Literature, Modern
Chronological subdivision 20th century
General subdivision History and criticism
9 (RLIN) 185034
942 ## - ADDED ENTRY ELEMENTS (KOHA)
Source of classification or shelving scheme Dewey Decimal Classification
Koha item type Books
Holdings
Lost status Source of classification or shelving scheme Damaged status Not for loan Collection code Permanent Location Current Location Shelving location Date acquired Source of acquisition Cost, normal purchase price Total Checkouts Full call number Date last seen Copy number Koha item type
  Dewey Decimal Classification   Not For Loan Non-fiction Central Library, University of Rajshahi Central Library, University of Rajshahi Reading Room 03/04/1964 Zeitlinger 40.00   809 HOF 1957 23/01/2017 C-1 Books